Towards Improved Design of Diversion Structures in Spate Irrigation......................\ (Record no. 532961)
[ view plain ]
| 000 -LEADER | |
|---|---|
| fixed length control field | 00532nam a22001817a 4500 |
| 003 - CONTROL NUMBER IDENTIFIER | |
| control field | NUST |
| 005 - DATE AND TIME OF LATEST TRANSACTION | |
| control field | 20191209124033.0 |
| 008 - FIXED-LENGTH DATA ELEMENTS--GENERAL INFORMATION | |
| fixed length control field | 191209b ||||| |||| 00| 0 eng d |
| 020 ## - INTERNATIONAL STANDARD BOOK NUMBER | |
| International Standard Book Number | 978-3-659-42147-1 |
| 024 ## - OTHER STANDARD IDENTIFIER | |
| Standard number or code | 3659421472 |
| 038 ## - RECORD CONTENT LICENSOR | |
| Staff Name | MSOHAIL |
| 082 ## - DEWEY DECIMAL CLASSIFICATION NUMBER | |
| Classification number | 624 EL |
| 100 ## - MAIN ENTRY--PERSONAL NAME | |
| Personal name | Hintsa Libsekal Gebremariam |
| 9 (RLIN) | 26605 |
| 245 ## - TITLE STATEMENT | |
| Title | Towards Improved Design of Diversion Structures in Spate Irrigation......................\ |
| 260 ## - PUBLICATION, DISTRIBUTION, ETC. | |
| Place of publication, distribution, etc. | Germany |
| Name of publisher, distributor, etc. | LAP LAMBERT Academic Publishing |
| Date of publication, distribution, etc. | c2015 |
| 300 ## - PHYSICAL DESCRIPTION | |
| Extent | 67,p; |
| 942 ## - ADDED ENTRY ELEMENTS (KOHA) | |
| Source of classification or shelving scheme | |
| Koha item type | Book |
| Withdrawn status | Lost status | Source of classification or shelving scheme | Damaged status | Not for loan | Permanent Location | Current Location | Date acquired | Total Checkouts | Full call number | Barcode | Date last seen | Price effective from | Koha item type |
|---|---|---|---|---|---|---|---|---|---|---|---|---|---|
| School of Civil and Environmental Engineering (SCEE) | School of Civil and Environmental Engineering (SCEE) | 12/09/2019 | 624 EL | NIT-12749 | 12/09/2019 | 12/09/2019 | Book |
